000 00693nam a22002657a 4500
001 BR9301234
003 BR-BrBNA
005 20230928093840.0
007 ta
008 230509b bl.||||| |||| 00| 0 por d
040 _aBR-BrBNA
_bpor
_cBiblioteca Nacional de Agricultura
041 _a(Por)
072 _aN20
_b0331
090 _ 0331 BR9301234
110 1 _aCompanhia Energetica de Sao Paulo, Sao Paulo (Brasil)
_92428
245 1 _aDescascador de mamona
260 3 _aSao Paulo, SP (Brasil):
_c1984.
300 _a14 p.
650 _aDescascador
650 _aMaquina Agricola
650 _aMamona
650 _aPratico
909 _a202309
_bLucia
_c55
_dLucia Elande
942 _cBK
999 _c47480
_d47480